Sydney Landmarks by closest Station - Statistics

General Stats
  • This quiz has been taken 47 times
  • The average score is 7 of 15
Answer Stats
Location Context of location Station Type Answer % Correct
Sydney Opera House Sydney's most iconic arts venue Ferry Circular Quay
77%
Hyde Park Australia's oldest public parkland in the heart of the CBD Train Museum | St James
77%
Sydney Harbour Bridge Iconic bridge that connects the City to North Sydney and Chatswood Ferry Milsons Point
67%
Sydney Tower Eye A remarkable observation deck in the CBD and a key part of Sydney's skyline Train St James
67%
Martin Place A Sydney amphitheatre (the actual amphitheatre, not the station) Light Rail Wynyard
56%
Coogee Beach Popular swimming spot just south of Bondi Light Rail Randwick
54%
Rookwood Cumberland Council suburb that literally just comprises of Rookwood Cemetery Train Lidcombe
51%
Baulkham Hills On 29 June 2018, a small portion of the Baulkham Hills suburb became part of the new suburb of: Metro Norwest
51%
Top Ryde Shopping Centre Bustling shopping mall with play areas, a food court and cinemas Train Meadowbank
49%
Leichhardt Inner west suburb with 15000+ population 3km west of the CBD Light Rail Taverners Hill | Marion | Hawthorne
26%
James Ruse Agricultural High School Highest-ranked in the HSC for 32 consecutive years until 2023 (1991-2022) Train Eastwood
23%
Centennial Park Cyclist haven 2km from the Sydney CBD Light Rail Royal Randwick
23%
Arncliffe Station A train station on the T4 Line Train Turrella
21%
Concord Repatriation General Hospital General Hospital in Concord founded in 1942 Ferry Kissing Point
18%
Western Sydney Airport Business Park* New Airport Business Park in Luddenham (the airport has not been fully built as of Feb 2024) Train Lapstone | Kingswood
8%
No matching quizzes found
Score Distribution
Percent of People with Each Score
Percentile by Number Answered
Your Score History
You have not taken this quiz